| 000 | 01619cam a22004574i 4500 | ||
|---|---|---|---|
| 003 | PE-LiUPU | ||
| 005 | 20250731173522.0 | ||
| 008 | 150616s r 000 0 d | ||
| 020 | _a0834111322 | ||
| 035 | _a(Sirsi) i9780834111325 | ||
| 040 |
_aPE-LiUPU _bspa _cPE-LiUPU _erda |
||
| 049 | _aPRUA | ||
| 082 | 0 | 4 |
_a266.02373 _bA62 _221 |
| 100 | 1 |
_aAppleby, Jerry L., _eautor. |
|
| 245 | 1 | 0 | _aMissions have come home to america. |
| 264 | 1 |
_aKansas, Missouri : _bBeacon Hill Press of Kansas City, _c1990. |
|
| 300 |
_a120 páginas ; _c19 centímetros |
||
| 336 |
_atext _2rdacontent |
||
| 337 |
_aunmediated _2rdamedia |
||
| 338 |
_avolume _2rdacarrier |
||
| 505 | 0 | _aEyes for the harvest.- Closing mission's backdoors.- Barriers to cross-cultural evangelism in american culture.- Barriers to cross-cultural evangelism in evangelical culture. | |
| 526 | _aSEG42 | ||
| 526 | _aSEG41 | ||
| 526 | _aSEG40 | ||
| 526 | _aSEG39 | ||
| 526 | _aP94 | ||
| 526 | _aP87 | ||
| 526 | _aP86 | ||
| 526 | _aP85 | ||
| 526 | _aP77 | ||
| 526 | _aP76 | ||
| 526 | _aP35 | ||
| 650 | 0 | 4 | _aMISION DE LA IGLESIA EN ESTADOS UNIDOS. |
| 910 |
_ajck _bjvq _cjck |
||
| 942 |
_2ddc _cBOOK |
||
| 949 |
_a266.02373 A62 _wDEWEY _c1 _i41994 _lCCODEBUL1 _mBUL _r0 _sY _tBOOK _u2015-6-16 _xTEOLOGIA _zUNKNOWN _0COMPRA _o.STAFF. Colección General |
||
| 994 |
_aC0 _bPEPRU |
||
| 596 | _a1 | ||
| 999 |
_a266.02373 A62 _wDEWEY _c59742 _i41994 _f2021-11-10 _g5 _lCCODEBUL1 _mBUL _r0 _sY _tBOOK _u2015-6-16 _xTEOLOGIA _zUNKNOWN _0COMPRA _o.STAFF. Colección General _d59742 |
||
| 980 |
_81 _gALBERTO SANCHEZ Responsable de Automatización |
||